| 000 | 01203cam a2200265 i 4500 | ||
|---|---|---|---|
| 999 |
_c12370 _d12370 |
||
| 003 | OSt | ||
| 005 | 20240117114623.0 | ||
| 008 | 151002t20162016dcua b 001 0 eng d | ||
| 020 | _a9781610916233 | ||
| 020 | _a9781610916226 | ||
| 042 | _alccopycat | ||
| 043 | _an-us-az | ||
| 082 | 0 | 4 |
_a720 _bGAM |
| 100 | 1 |
_aGammage, Grady, _d1951- _eauthor. |
|
| 245 | 1 | 4 |
_aThe future of the suburban city : _blessons from sustaining Phoenix / _cGrady Gammage Jr. |
| 300 |
_axiii, 191 pages : _billustrations ; _c23 cm. |
||
| 504 | _aIncludes bibliographical references (pages 171-183) and index. | ||
| 505 | 0 | _aPrologue : getting through the haboob -- Suburbs, sprawl, and sustainability -- Just add water -- Coping with heat -- Transportation and the suburban city -- Houses, shopping centers, and the fabric of suburbia -- Jobs and the economy of cities in the sand -- Politics, resilience, and survival -- Afterword : planning to stay. | |
| 650 | 0 | _aSuburbs. | |
| 650 | 0 |
_aSustainable urban development _zArizona _zPhoenix _vCase studies. |
|
| 650 | 0 |
_aSustainability _zArizona _zPhoenix _vCase studies. |
|
| 650 | 7 |
_aSustainable urban development. _2fast |
|
| 651 | 7 |
_aArizona _zPhoenix. _2fast |
|
| 942 | _2ddc | ||